000 00440nam a2200193Ia 4500
005 20240823035623.0
008 240823s9999||||xx |||||||||||||| ||und||
020 _a978-0-143-41912-9
041 _aENGLISH
082 _A823.92 Q2
100 _aJamil Ahmad
245 4 _aThe Wandeing Falcon
250 _a1st
260 _c2012
_b"Penguin Books,New "
500 _aYES
650 _aNovel
_bEnglish
942 _cBK
999 _c201124
_d201124